000 00765cab a2200193 4500
001 ##L134335
008 060727n2006 000 0 eng u
035 _a(Sirsi) u134335
041 0 _aeng
100 1 _aHigham, David
245 0 0 _aGet into shape
260 _c2006
490 0 _aPremises and Facilities Management
_vJuly 2006, 25-26(2)
520 _aCommunicates the changes that take place on 21 August 2006 to the pricing of letters and parcels by Royal Mail. Outlines the arguments for and against these changes. Advises on the impact on the mailroom and how facilities managers can reduce this and even take advantage to save money.
590 _aIKA010806
651 4 _aUnited Kingdom
_y
690 _aMANAGEMENT-FACILITIES MANAGEMENT
942 _n0
999 _c77461
_d77461